000 00351nam a22001337a 4500
020 _a9789381714652
082 _a641.331
_bMAT/CH
100 _aMatz Samuel, A.
_9318
245 _aThe Chemistry and Technology of Cereals As Food And Feed
250 _a2
260 _aNew Delhi
_bScientific International Pvt. Ltd
_c2014
300 _a751
942 _cBK
999 _c14244
_d14244